000 00441nam a22001697a 4500
999 _c15604
_d15604
003 OSt
008 190520b ||||| |||| 00| 0 eng d
020 _a9788122422153
082 _a664.
_bMAN/FO
100 _aManay, Shakuntala N
_94086
245 _aFoods: Facts and Principles /
250 _a3rd ed.
260 _aNew Delhi ;
_bNew Age International ,
_c2018.
300 _a490 ;.
700 _aShadaksharaswamy, M
_94087
942 _cBK